| 000 | 00899nam a22003017a 4500 | ||
|---|---|---|---|
| 003 | CHAP | ||
| 005 | 20220329133626.0 | ||
| 008 | 971013s1982 r 00010 d | ||
| 010 | _a8733 | ||
| 011 | _a9705 | ||
| 035 | _a8940 | ||
| 040 | _cCHAP | ||
| 090 | _aFolleto 7314 v.15 | ||
| 110 |
_aInternational Board for Plant Genetic Resources _959561 |
||
| 245 | _aDescriptors for barley | ||
| 260 |
_aRome : _bIBPGR, _c1982 |
||
| 300 |
_a14 p. _b: ilus |
||
| 590 |
_aBATCH-UPD _b10 _c20130110 _lUCH01 _h1104 |
||
| 590 |
_aBATCH-UPD _b10 _c20130410 _lUCH01 _h0656 |
||
| 590 |
_aBATCH-UPD _b10 _c20130914 _lUCH01 _h0903 |
||
| 590 |
_aCONVERSION _b10 _c20130109 _lUCH01 _h1306 |
||
| 650 | 1 | 4 |
_aCebada _xGenética. _920681 |
| 650 | 1 | 4 |
_aCebada _xGermoplasma. _920683 |
| 650 | 1 | 4 |
_aRecursos genéticos. _995078 |
| 901 | _aBK | ||
| 942 | _cFOLL | ||
| 949 |
_aFolleto 7314 v.15 _bBC _cFOLL _d-19359 _eTS1 _i8940 _mD _si |
||
| 999 |
_c8733 _d8733 |
||